Word Ladder: 'The' Movies of the '90s Quiz Stats

 Plays Quiz Updated Mar 23, 2018

Challenge
Share
Tweet
Embed
Score 0/24 Timer 03:00
2 Plays Today
Clue 4-Letter Word % Correct
📹 Large stone or boulder 📹📹 ROCK 📹
97.4%
📹 Halloween accessory; snorkeling wear 📹📹 MASK 📹
92.9%
Campfire storyTALE
89.9%
Not wild at allTAME
89.5%
Scrabble or Mah-jong pieceTILE
89.1%
Hair from sheepWOOL
89.1%
Crush into a soft, pulpy stateMASH
89%
Wriggling fish baitWORM
88.9%
Show ridicule forMOCK
88.8%
It all adds up if you do it correctlyMATH
87.4%
Any of the 24 in this ladderWORD
86.7%
Brand of heavy-duty truckMACK
86.4%
Clue 4-Letter Word % Correct
Enclosure for chickensCOOP
86.4%
Calm under pressureCOOL
85.5%
📹 Golf club; wind instrument 📹📹 WOOD 📹
83.8%
King's downfall in chessMATE
83.8%
To trim photos; cultivated plantCROP
83.1%
Cinema featureFILM
82.7%
A set of written recordsFILE
80.3%
📹 Secure; business partnership 📹📹 FIRM 📹
80.1%
Definite shapeFORM
80%
📹 Cornfield menace 📹📹 CROW 📹
73%
📹 Up for something; pastime 📹📹 GAME 📹
67.4%
Ending for many a scandalGATE
61.2%

Today's Daily Dose

You're not logged in!

Compare scores with friends on all Sporcle quizzes.
OR
Log In

You Might Also Like...

Show Comments

Extras

Top Quizzes Today


Score Distribution

Your Account Isn't Verified!

In order to create a playlist on Sporcle, you need to verify the email address you used during registration. Go to your Sporcle Settings to finish the process.

Report this User

Report this user for behavior that violates our Community Guidelines.

Details: